[Event "Plancoet op 4th"]
[Site "Plancoet"]
[Date "2004.07.27"]
[Round "4"]
[White "Le Roux, Jean Pierre"]
[Black "Ignat, Diana"]
[Result "1-0"]
[WhiteElo "2489"]
[BlackElo "2118"]
[PlyCount "97"]
[EventDate "2004.07.25"]
[EventType "swiss"]
[EventRounds "9"]
[EventCountry "FRA"]
[SourceTitle "CBM 101 Extra"]
[Source "ChessBase"]
[SourceDate "2004.09.01"]
[SourceVersion "2"]
[SourceVersionDate "2004.09.01"]
[SourceQuality "1"]

1. d4 Nf6 2. c4 e6 3. Nc3 Bb4 4. e3 b6 5. Nge2 Ba6 6. a3 Bxc3+ 7. Nxc3 d5 8. b3 0-0 9. Bd3 c5 10. 0-0 dxc4 11. bxc4 Nc6 12. dxc5 Ne5 13. Be2 Bxc4 14. cxb6 axb6 15. Bd2 Bxe2 16. Qxe2 Qd3 17. Qxd3 Nxd3 18. Rfb1 Rfd8 19. Ra2 Rd6 20. f3 Nd7 21. Kf1 N3e5 22. Ke2 Nc4 23. Be1 g6 24. Ne4 Rc6 25. Rd1 Nc5 26. Nf6+ Kg7 27. Bc3 e5 28. Nd5 f6 29. Bb4 Na6 30. Be1 Kf7 31. Rc2 Rac8 32. Rc3 Ke6 33. e4 b5 34. Rb1 Rb8 35. Rcb3 Nc5 36. Rxb5 Rxb5 37. Rxb5 Nxa3 38. Rb8 Kf7 39. Bb4 Nc2 40. Bxc5 Rxc5 41. Rb7+ Ke6 42. Rb6+ Kf7 43. Rxf6+ Kg7 44. Rd6 Nd4+ 45. Kd3 Rc2 46. f4 Rxg2 47. fxe5 Nf3 48. e6 Ne5+ 49. Kc3 1-0

[Event "Trignac L'Estuaire op 2nd"]
[Site "Trignac"]
[Date "2002.02.??"]
[Round "3"]
[White "Ignat, Diana"]
[Black "Legky, Nikolay A"]
[Result "0-1"]
[WhiteElo "2115"]
[BlackElo "2485"]
[PlyCount "48"]
[EventDate "2002.08.14"]
[EventType "swiss"]
[EventRounds "9"]
[EventCountry "FRA"]
[SourceTitle "EXT 2003"]
[Source "ChessBase"]
[SourceDate "2002.11.25"]
[SourceVersion "1"]
[SourceVersionDate "2002.11.25"]
[SourceQuality "1"]

1. d4 Nf6 2. c4 e6 3. Nf3 c5 4. Nc3 d5 5. cxd5 Nxd5 6. e4 Nxc3 7. bxc3 cxd4 8. cxd4 Nc6 9. Be2 Bb4+ 10. Bd2 Bxd2+ 11. Qxd2 0-0 12. 0-0 b6 13. Rfd1 Qd6 14. Rac1 Bb7 15. Qe3 Rfe8 16. e5 Qe7 17. Bb5 Rec8 18. d5 exd5 19. Rxd5 Na5 20. Rd7 Rxc1+ 21. Qxc1 Qe6 22. Ng5 Qxe5 23. Qd2 Re8 24. Be2 h6 0-1

[Event "Kavala op 10th"]
[Site "Kavala"]
[Date "2001.08.28"]
[Round "8"]
[White "Passoni, Carlo"]
[Black "Ignat, Diana"]
[Result "0-1"]
[WhiteElo "2258"]
[BlackElo "2108"]
[PlyCount "134"]
[EventDate "2001.08.21"]
[EventType "swiss"]
[EventRounds "9"]
[EventCountry "GRE"]
[SourceTitle "EXT 2002"]
[Source "ChessBase"]
[SourceDate "2001.11.25"]
[SourceVersion "1"]
[SourceVersionDate "2001.11.25"]
[SourceQuality "1"]

1. e4 d5 2. exd5 Qxd5 3. d4 Nf6 4. Nf3 c6 5. c4 Qa5+ 6. Bd2 Qc7 7. Nc3 Bg4 8. Be2 e6 9. 0-0 Be7 10. Rc1 0-0 11. Be3 Nbd7 12. h3 Bh5 13. Qb3 a6 14. Rfd1 Rfd8 15. a3 c5 16. d5 e5 17. g4 Bg6 18. Nh4 Nf8 19. g5 Nh5 20. Nxg6 hxg6 21. Ne4 Nf4 22. Bg4 Nh7 23. h4 f5 24. gxf6 Nxf6 25. Bxf4 Nxg4 26. Bg3 Nh6 27. Qd3 Nf5 28. d6 Bxd6 29. Qd5+ Qf7 30. Nxd6 Rxd6 31. Qxf7+ Kxf7 32. Rxd6 Nxd6 33. Bxe5 Nf5 34. Rd1 Nxh4 35. Rd7+ Ke6 36. Rxb7 Nf3+ 37. Kg2 Nxe5 38. b4 cxb4 39. axb4 Nxc4 40. Rxg7 Kf6 41. Rc7 Nd6 42. Rc6 Ke6 43. Kh3 Kd7 44. Rc5 Rb8 45. Ra5 Rb6 46. f4 Rxb4 47. Rxa6 Rxf4 48. Kg3 Rd4 49. Kf3 Ke6 50. Ke3 Rd5 51. Kf4 g5+ 52. Kg4 Kf6 53. Kh5 Rd1 54. Rc6 Rh1+ 55. Kg4 Rh4+ 56. Kg3 Rd4 57. Ra6 Ke5 58. Ra8 g4 59. Ra5+ Kf6 60. Kh4 Nf5+ 61. Kh5 g3 62. Ra6+ Ke5 63. Ra5+ Kf4 64. Ra2 Kf3 65. Rc2 Ne3 66. Rc5 g2 67. Rg5 Kf2 0-1

[Event "Kavala op 10th"]
[Site "Kavala"]
[Date "2001.08.25"]
[Round "5"]
[White "Ignat, Diana"]
[Black "Andrijevic, Milan"]
[Result "0-1"]
[WhiteElo "2108"]
[BlackElo "2366"]
[PlyCount "78"]
[EventDate "2001.08.21"]
[EventType "swiss"]
[EventRounds "9"]
[EventCountry "GRE"]
[SourceTitle "EXT 2002"]
[Source "ChessBase"]
[SourceDate "2001.11.25"]
[SourceVersion "1"]
[SourceVersionDate "2001.11.25"]
[SourceQuality "1"]

1. d4 Nf6 2. c4 e6 3. Nf3 d5 4. Nc3 c5 5. cxd5 Nxd5 6. e4 Nxc3 7. bxc3 cxd4 8. cxd4 Bb4+ 9. Bd2 Bxd2+ 10. Qxd2 0-0 11. Bc4 Nc6 12. 0-0 b6 13. Rfd1 Bb7 14. d5 exd5 15. Bxd5 Qe7 16. Qf4 Na5 17. Rac1 Rac8 18. Ng5 Rxc1 19. Rxc1 h6 20. Bxb7 Nxb7 21. Nf3 Nc5 22. Nd2 Rd8 23. Qe3 Qd7 24. Nb3 Qd1+ 25. Qe1 Qxe1+ 26. Rxe1 Nxe4 27. f3 Nc3 28. Kf2 a5 29. Nc1 Rd2+ 30. Kg3 Rc2 31. Kh3 Kf8 32. f4 a4 33. g3 a3 34. f5 Nxa2 35. Nd3 Nc3 36. Nb4 Re2 37. Rc1 a2 38. Nxa2 Nxa2 39. Rb1 Re5 0-1

[Event "Patras op 3rd"]
[Site "Patras"]
[Date "2001.07.25"]
[Round "8"]
[White "Ignat, Diana"]
[Black "Shavtvaladze, Nikoloz"]
[Result "0-1"]
[WhiteElo "2108"]
[BlackElo "2360"]
[PlyCount "140"]
[EventDate "2001.07.18"]
[EventType "swiss"]
[EventRounds "9"]
[EventCountry "GRE"]
[SourceTitle "CBM 083 Extra"]
[Source "ChessBase"]
[SourceDate "2001.09.11"]
[SourceVersion "1"]
[SourceVersionDate "2001.09.11"]
[SourceQuality "1"]

1. d4 Nf6 2. c4 g6 3. Nc3 Bg7 4. e4 d6 5. Nf3 0-0 6. Be2 e5 7. d5 a5 8. Bg5 h6 9. Bh4 Na6 10. Nd2 Qe8 11. 0-0 Nh7 12. f3 h5 13. Rb1 Bd7 14. b3 Bh6 15. Bf2 Qe7 16. a3 Qg5 17. f4 Qxf4 18. Nf3 Nc5 19. Qc2 Qf6 20. b4 axb4 21. axb4 Na4 22. Nb5 Bxb5 23. cxb5 Qe7 24. Ra1 Nb6 25. Ra5 Kg7 26. Rfa1 Rab8 27. R1a3 Nf6 28. Bh4 Qd7 29. Rc3 Ne8 30. Ng5 Bxg5 31. Bxg5 f6 32. Bh4 Rh8 33. Ra1 Nc8 34. Bf2 b6 35. Be3 Rh7 36. Rca3 Ne7 37. Ra8 Qd8 38. Rxb8 Qxb8 39. Ra3 Qd8 40. Ra7 Kf7 41. Bd3 Rh8 42. Qa2 Nc8 43. Ra8 Qd7 44. Qc2 Ne7 45. Qf2 Rg8 46. Bg5 Qg4 47. h4 f5 48. Bxe7 Kxe7 49. exf5 Qd1+ 50. Qf1 Qxf1+ 51. Kxf1 gxf5 52. Be2 Nf6 53. Rxg8 Nxg8 54. Bxh5 Nf6 55. Bf3 e4 56. Be2 Nxd5 57. Kf2 Kf6 58. g3 Nxb4 59. Ke3 Ke5 60. h5 Nd5+ 61. Kd2 Kf6 62. Bc4 Ne7 63. Ke3 d5 64. Be2 Ke5 65. h6 d4+ 66. Kd2 Kf6 67. Bh5 Nc8 68. g4 fxg4 69. Bxg4 Nd6 70. Bd7 Kg6 0-1

[Event "Patras op 3rd"]
[Site "Patras"]
[Date "2001.07.21"]
[Round "4"]
[White "Ignat, Diana"]
[Black "Makropoulou, Marina"]
[Result "0-1"]
[WhiteElo "2108"]
[BlackElo "2313"]
[PlyCount "63"]
[EventDate "2001.07.18"]
[EventType "swiss"]
[EventRounds "9"]
[EventCountry "GRE"]
[SourceTitle "CBM 083 Extra"]
[Source "ChessBase"]
[SourceDate "2001.09.11"]
[SourceVersion "1"]
[SourceVersionDate "2001.09.11"]
[SourceQuality "1"]

1. d4 d5 2. c4 c6 3. Nc3 Nf6 4. Nf3 dxc4 5. e3 b5 6. a4 b4 7. Na2 a5 8. Bxc4 e6 9. 0-0 Nbd7 10. b3 Be7 11. Bb2 0-0 12. Nc1 Bb7 13. Ne2 Qb6 14. Ng3 Rfd8 15. e4 c5 16. Qe2 cxd4 17. Bxd4 Bc5 18. Bxc5 Nxc5 19. e5 Nfe4 20. Nxe4 Nxe4 21. Rad1 Nc3 22. Rxd8+ Rxd8 23. Qc2 Bxf3 24. gxf3 Qd4 25. Re1 Qf4 26. Bd3 g6 27. Kg2 Rd5 28. Be4 Rd2 29. Qc1 Qg5+ 30. Kh1 Qd8 31. Kg2 Qd4 32. Re3 0-1

[Event "ROM-chT"]
[Site "Timisu de Sus"]
[Date "1998.??.??"]
[Round "4"]
[White "Ignat, Diana"]
[Black "Hamdouchi, Adina Maria"]
[Result "1-0"]
[WhiteElo "2080"]
[BlackElo "2145"]
[PlyCount "79"]
[EventDate "1998.11.??"]
[EventType "team"]
[EventRounds "5"]
[EventCountry "ROU"]
[SourceTitle "EXT 2000"]
[Source "ChessBase"]
[SourceDate "1999.11.16"]
[SourceVersion "1"]
[SourceVersionDate "1999.11.16"]
[SourceQuality "1"]

1. d4 Nf6 2. c4 c5 3. d5 g6 4. Nc3 Bg7 5. e4 d6 6. h3 0-0 7. Bd3 e6 8. Nf3 Na6 9. 0-0 Nc7 10. Re1 Rb8 11. a4 a6 12. Bg5 h6 13. Be3 e5 14. Qd2 Kh7 15. a5 Bd7 16. b4 cxb4 17. Na4 Nh5 18. Qxb4 Nf4 19. Bf1 f5 20. Qxd6 Ne8 21. Qb6 fxe4 22. Qxd8 Rxd8 23. Nd2 Bxa4 24. Rxa4 Nd3 25. Rb1 Nd6 26. Rb6 Rf7 27. Nxe4 Nxe4 28. Bxd3 Nf6 29. Rab4 Rdd7 30. f3 Bf8 31. Rb1 Bd6 32. Be4 Bb8 33. Re6 Kg7 34. Rd1 Bc7 35. Bb6 Rd6 36. Rxd6 Bxd6 37. c5 Bb8 38. d6 Nd7 39. Bxb7 Nxb6 40. axb6 1-0

[Event "ROM-ch op (Women)"]
[Site "Eforie Nord"]
[Date "1997.??.??"]
[Round "?"]
[White "Peptan, Corina Isabela"]
[Black "Ignat, Diana"]
[Result "1-0"]
[WhiteElo "2460"]
[BlackElo "2080"]
[PlyCount "65"]
[EventDate "1997.09.??"]
[EventType "swiss"]
[EventRounds "11"]
[EventCountry "ROU"]
[SourceTitle "EXT 2000"]
[Source "ChessBase"]
[SourceDate "1999.11.16"]
[SourceVersion "1"]
[SourceVersionDate "1999.11.16"]
[SourceQuality "1"]

1. e4 e5 2. Nf3 Nc6 3. Bb5 a6 4. Ba4 Nf6 5. 0-0 b5 6. Bb3 Bc5 7. d3 d6 8. a4 Rb8 9. axb5 axb5 10. h3 h6 11. c3 0-0 12. d4 Bb6 13. Be3 exd4 14. cxd4 Na5 15. Bc2 Nc4 16. Bc1 Bb7 17. b3 Na5 18. Nbd2 Nc6 19. Bb2 Nb4 20. Bb1 Re8 21. Bc3 c5 22. d5 Na6 23. Re1 Nc7 24. Nf1 c4 25. b4 Ncxd5 26. exd5 Nxd5 27. Rxe8+ Qxe8 28. Bd4 Bxd4 29. Qxd4 Nxb4 30. Qxd6 Nd5 31. Bc2 Rd8 32. Re1 Qd7 33. Qxd7 1-0

[Event "ROM-ch (Women)"]
[Site "Herculane"]
[Date "1996.??.??"]
[Round "8"]
[White "Baciu, Anca Otilia"]
[Black "Ignat, Diana"]
[Result "0-1"]
[WhiteElo "2095"]
[BlackElo "2020"]
[PlyCount "86"]
[EventDate "1996.12.??"]
[EventType "tourn"]
[EventRounds "13"]
[EventCountry "ROU"]
[SourceTitle "EXT 2008"]
[Source "ChessBase"]
[SourceDate "2007.11.25"]
[SourceVersion "1"]
[SourceVersionDate "2007.11.25"]
[SourceQuality "1"]

1. e4 e5 2. Nf3 f5 3. Nxe5 Qf6 4. d4 d6 5. Nf3 fxe4 6. Qe2 Qe7 7. Nfd2 Nf6 8. d5 Bg4 9. Qe3 Nxd5 10. Qxe4 Bf5 11. Qxe7+ Bxe7 12. c3 Nf4 13. Nf3 Nd3+ 14. Bxd3 Bxd3 15. Be3 Nc6 16. Nbd2 h6 17. 0-0-0 0-0 18. Rhe1 Bf6 19. Nb3 Be4 20. Nfd2 Bxg2 21. Rg1 Bd5 22. Bxh6 Kf7 23. Bg5 Rh8 24. h4 Rae8 25. Rg3 Re2 26. Rdg1 Rxf2 27. Bxf6 Kxf6 28. c4 Rxd2 29. Rg6+ Ke7 30. Nxd2 Bf7 31. Rxg7 Rxh4 32. R7g4 Rh3 33. Rf4 Ne5 34. Re1 Be6 35. Kd1 Nd3 36. Rf3 Rxf3 37. Rxe6+ Kxe6 38. Nxf3 Nxb2+ 39. Kc2 Nxc4 40. Nd4+ Kd5 41. Nb5 c6 42. Nxa7 Nb6 43. Kb3 Kc5 0-1

[Event "ROM-ch (Women)"]
[Site "Herculane"]
[Date "1996.??.??"]
[Round "2"]
[White "Brestoiu, Doina"]
[Black "Ignat, Diana"]
[Result "0-1"]
[WhiteElo "2075"]
[BlackElo "2020"]
[PlyCount "82"]
[EventDate "1996.12.??"]
[EventType "tourn"]
[EventRounds "13"]
[EventCountry "ROU"]
[SourceTitle "EXT 2008"]
[Source "ChessBase"]
[SourceDate "2007.11.25"]
[SourceVersion "1"]
[SourceVersionDate "2007.11.25"]
[SourceQuality "1"]

1. e4 e5 2. Nf3 Nc6 3. d4 exd4 4. Nxd4 Nf6 5. Nxc6 bxc6 6. e5 Qe7 7. Qe2 Nd5 8. c4 Nb6 9. b3 Qe6 10. Bb2 Bb4+ 11. Nc3 0-0 12. a3 Be7 13. g3 d5 14. exd6 cxd6 15. Qxe6 Bxe6 16. Bg2 d5 17. cxd5 cxd5 18. Nb5 Bf5 19. Nd4 Bf6 20. 0-0 Be4 21. Rac1 Bxg2 22. Kxg2 Rac8 23. Ba1 Rxc1 24. Rxc1 Rc8 25. Rxc8+ Nxc8 26. Bc3 Nd6 27. Ne2 Bxc3 28. Nxc3 d4 29. Nb1 Kf8 30. Nd2 Ke7 31. Nf3 d3 32. Nd2 Nb5 33. a4 Nd4 34. f4 Ke6 35. Kf2 Nc2 36. Nf3 Kd5 37. Ne5 Kd4 38. Nc6+ Kc3 39. Nxa7 Nd4 40. Nb5+ Nxb5 41. axb5 d2 0-1

[Event "ROM-ch (Women)"]
[Site "Herculane"]
[Date "1996.??.??"]
[Round "6"]
[White "Olarasu, Gabriela"]
[Black "Ignat, Diana"]
[Result "1-0"]
[WhiteElo "2295"]
[BlackElo "2020"]
[PlyCount "115"]
[EventDate "1996.12.??"]
[EventType "tourn"]
[EventRounds "13"]
[EventCountry "ROU"]
[SourceTitle "EXT 2008"]
[Source "ChessBase"]
[SourceDate "2007.11.25"]
[SourceVersion "1"]
[SourceVersionDate "2007.11.25"]
[SourceQuality "1"]

1. Nf3 g6 2. c4 Bg7 3. Nc3 e5 4. d4 exd4 5. Nxd4 Nc6 6. Nxc6 bxc6 7. g3 Ne7 8. Bg2 0-0 9. 0-0 d6 10. Bg5 Rb8 11. Qd2 Be6 12. b3 d5 13. cxd5 cxd5 14. Rac1 d4 15. Na4 Re8 16. Nc5 Rb6 17. Nxe6 Rxe6 18. Bc6 Rf8 19. Bb5 Qd6 20. Rfd1 Nd5 21. Rc6 Qe5 22. Rc5 Qd6 23. Rc6 Qe5 24. Rc5 Qd6 25. Rxd5 Qxd5 26. Bc4 Qf5 27. Bxe6 fxe6 28. f3 c5 29. Kg2 Rc8 30. g4 Qd5 31. e4 Qb7 32. Qd3 c4 33. bxc4 Qa6 34. Rc1 Qxa2+ 35. Rc2 Qa5 36. Bd2 Qc5 37. Qb3 Qb6 38. Qa3 Qb1 39. Rc1 Qb6 40. Ba5 Qa6 41. Bb4 Qxa3 42. Bxa3 Bh6 43. Rb1 d3 44. c5 Be3 45. Rd1 d2 46. Kf1 a5 47. Ke2 Bf4 48. Kd3 Rb8 49. Kc4 Kf7 50. e5 Bxh2 51. Rxd2 Bxe5 52. Rd7+ Kf6 53. c6 Kg5 54. Rxh7 a4 55. Bc1+ Bf4 56. Rb7 Rc8 57. Rb5+ e5 58. Rxe5+ 1-0

[Event "ROM-chT"]
[Site "Romania"]
[Date "1994.??.??"]
[Round "?"]
[White "Ignat, Diana"]
[Black "Andreescu, Aurora Nicoleta"]
[Result "1-0"]
[WhiteElo "2050"]
[BlackElo "2085"]
[PlyCount "25"]
[EventDate "1994.??.??"]
[EventType "team"]
[EventRounds "10"]
[EventCountry "ROU"]
[SourceTitle "EXT 1997"]
[Source "ChessBase"]
[SourceDate "1996.11.15"]
[SourceVersion "1"]
[SourceVersionDate "1996.11.15"]
[SourceQuality "1"]

1. d4 Nf6 2. c4 Nc6 3. Nc3 d5 4. cxd5 Nxd5 5. e4 Ndb4 6. a3 Na6 7. Be3 e6 8. Nf3 Be7 9. Be2 0-0 10. 0-0 Nab8 11. d5 exd5 12. exd5 Na5 13. b4 1-0

[Event "ROM-chT"]
[Site "Romania"]
[Date "1994.??.??"]
[Round "?"]
[White "Ignat, Diana"]
[Black "Andriana, Anca"]
[Result "1-0"]
[WhiteElo "2050"]
[BlackElo "2035"]
[PlyCount "85"]
[EventDate "1994.??.??"]
[EventType "team"]
[EventRounds "10"]
[EventCountry "ROU"]
[SourceTitle "EXT 1997"]
[Source "ChessBase"]
[SourceDate "1996.11.15"]
[SourceVersion "1"]
[SourceVersionDate "1996.11.15"]
[SourceQuality "1"]

1. d4 Nf6 2. c4 g6 3. Nc3 Bg7 4. e4 d6 5. Nf3 0-0 6. Be2 e5 7. d5 a5 8. 0-0 Nbd7 9. Be3 Ng4 10. Bg5 f6 11. Bh4 Nc5 12. Ne1 Nh6 13. Nd3 Nxd3 14. Bxd3 Qe8 15. Qc2 f5 16. f3 f4 17. Kh1 Nf7 18. Nb5 Qd7 19. c5 dxc5 20. Qxc5 c6 21. Nc3 g5 22. Be1 Rd8 23. Be2 Bf8 24. Qc4 Bb4 25. Rd1 c5 26. a3 Bxc3 27. Bxc3 b6 28. Qd3 Qe7 29. Qc2 Ra7 30. b3 Bd7 31. Qb2 Re8 32. b4 axb4 33. axb4 Rea8 34. Qb1 Ra3 35. Rc1 Nd6 36. bxc5 bxc5 37. Qb6 Rc8 38. Rfe1 Ra2 39. Ra1 Kf7 40. Ba6 Ra8 41. Qxc5 Kf6 42. Qb6 Be8 43. Bb4 1-0

[Event "ROM-chT"]
[Site "Romania"]
[Date "1994.??.??"]
[Round "?"]
[White "Ignat, Diana"]
[Black "Bollengier, Andreea"]
[Result "0-1"]
[WhiteElo "2050"]
[BlackElo "2105"]
[PlyCount "56"]
[EventDate "1994.??.??"]
[EventType "team"]
[EventRounds "10"]
[EventCountry "ROU"]
[SourceTitle "EXT 1997"]
[Source "ChessBase"]
[SourceDate "1996.11.15"]
[SourceVersion "1"]
[SourceVersionDate "1996.11.15"]
[SourceQuality "1"]

1. d4 Nf6 2. c4 c5 3. d5 e6 4. Nc3 exd5 5. cxd5 d6 6. e4 g6 7. Nf3 Bg7 8. Bg5 h6 9. Bh4 a6 10. a4 g5 11. Bg3 Nh5 12. Be2 Nxg3 13. hxg3 0-0 14. Nd2 Nd7 15. Nc4 Qe7 16. Ne3 Nf6 17. Qc2 Re8 18. Bd3 Rb8 19. 0-0 Bd7 20. Rfe1 b5 21. axb5 axb5 22. Nf5 Bxf5 23. exf5 Qxe1+ 24. Rxe1 Rxe1+ 25. Bf1 Ra8 26. Nb1 Ra1 27. Nd2 c4 28. g4 Rac1 0-1

[Event "ROM-ch U20 Girls"]
[Site "Singeorz"]
[Date "1993.??.??"]
[Round "?"]
[White "Domuta, Adriana"]
[Black "Ignat, Diana"]
[Result "1-0"]
[WhiteElo "2050"]
[BlackElo "2065"]
[PlyCount "151"]
[EventDate "1993.??.??"]
[EventType "swiss"]
[EventRounds "11"]
[EventCountry "ROU"]
[SourceTitle "TD"]
[Source "ChessBase"]
[SourceDate "1994.03.01"]
[SourceVersion "1"]
[SourceVersionDate "1994.03.01"]
[SourceQuality "1"]

1. e4 e5 2. Nf3 Nc6 3. Bc4 Bc5 4. c3 Nf6 5. d3 h6 6. b4 Bd6 7. Nbd2 0-0 8. 0-0 Ne7 9. Bb3 b5 10. Re1 Ng6 11. Nf1 c6 12. Ng3 Bc7 13. d4 d5 14. dxe5 Nxe4 15. Nxe4 dxe4 16. Qxd8 Rxd8 17. Rxe4 Re8 18. e6 Bxe6 19. Bxe6 Rxe6 20. Rxe6 fxe6 21. Be3 Ne7 22. a4 a5 23. axb5 cxb5 24. Nd4 Be5 25. Rxa5 Rd8 26. Rxb5 Bxd4 27. cxd4 Nc6 28. Kf1 Nxd4 29. Bxd4 Rxd4 30. Ke2 Kf7 31. Ke3 Rd1 32. Rc5 Rb1 33. Rc4 Rb2 34. Rf4+ Ke7 35. Kd3 e5 36. Kc3 Re2 37. Rf3 e4 38. Re3 Rxf2 39. Rxe4+ Kd6 40. Rg4 g5 41. Rd4+ Kc6 42. Rd2 Rf4 43. Re2 Rf6 44. g3 Rd6 45. Kc4 Rf6 46. Re5 Rd6 47. Ra5 Kb7 48. Ra2 Re6 49. Rf2 Kc6 50. Rd2 Re4+ 51. Kb3 h5 52. Rc2+ Kb6 53. h3 g4 54. h4 Re3+ 55. Rc3 Rf3 56. Kc4 Rf1 57. Re3 Rg1 58. Re6+ Kc7 59. Re7+ Kd6 60. Re3 Rc1+ 61. Rc3 Re1 62. Rd3+ Kc6 63. b5+ Kb6 64. Rd6+ Kc7 65. Rc6+ Kb7 66. Kd4 Rb1 67. Rc5 Rb3 68. Rxh5 Rxg3 69. Rg5 Kb6 70. Ke4 Rh3 71. h5 Rb3 72. Kf4 g3 73. Rxg3 Rxb5 74. Rh3 Rb4+ 75. Kf5 Rb5+ 76. Kg6 1-0

[Event "ROM-chT"]
[Site "Romania"]
[Date "1992.??.??"]
[Round "?"]
[White "Susnea, Liliana"]
[Black "Ignat, Diana"]
[Result "1-0"]
[WhiteElo "2060"]
[BlackElo "2055"]
[PlyCount "59"]
[EventDate "1992.??.??"]
[EventType "team"]
[EventRounds "9"]
[EventCountry "ROU"]
[SourceTitle "EXT 1997"]
[Source "ChessBase"]
[SourceDate "1996.11.15"]
[SourceVersion "1"]
[SourceVersionDate "1996.11.15"]
[SourceQuality "1"]

1. e4 e5 2. Nf3 Nc6 3. Bb5 a6 4. Ba4 Nf6 5. d4 exd4 6. 0-0 d6 7. Bxc6+ bxc6 8. Nxd4 Bb7 9. Nf5 Qd7 10. Qd3 h5 11. Bg5 0-0-0 12. Nc3 Re8 13. Rad1 Ng4 14. Na4 Ne5 15. Qc3 Qe6 16. Nd4 Qg6 17. f4 c5 18. fxe5 cxd4 19. Rxd4 Qxg5 20. Nb6+ Kb8 21. Nd7+ Ka8 22. Ra4 Qd8 23. Rxf7 Re7 24. Rxe7 Bxe7 25. e6 Bf6 26. Qc4 Ka7 27. b4 c6 28. b5 c5 29. b6+ Qxb6 30. Nxb6 1-0